| 000 | 00557nam a2200169 a 4500 | ||
|---|---|---|---|
| 001 | 000035903 | ||
| 005 | 20200930074715.0 | ||
| 008 | 111115s2005 dr a 000 0 spa d | ||
| 040 |
_aDO-SdBNP _bspa _cBNPHU |
||
| 082 |
_axxxx _bR426l |
||
| 110 | 1 |
_aRepública Domincana. _961904 |
|
| 240 | 1 | 1 | _a[Leyes, etc.] |
| 245 | 1 | 0 |
_aLey No. 92-05 : _bLey que crea el Colegio Dominicano de Bioanalistas. |
| 260 |
_aSanto Domingo : _bCODOBIO, _c[2005?]. |
||
| 300 |
_a21 p. : _bil. ; _c21 cm. |
||
| 710 | 1 |
_aRepública Dominicana. _bColegio Dominicano de Bioanalistas _961905 |
|
| 999 |
_c35394 _d35394 |
||